LEADER 02519nam a2200373 i 4500 001 000000029326 003 CaOOAMICUS 005 20260429123109.0 008 180830s1619 fr u000 u lat u 040 $aSeMil$bita 100 0 $aGregorius I,$c.$0(OLS)http://semarc/name/465 245 10$aSancti Gregorii Magni papae primi Opera, Sixti 5. pont. max. iussu diligentissimé emendata, atque aucta, et in tomos sex distribuita. 250 $aAdditis praeterea in hac editione rebus aliquot lectu ac scitu dignis, quae in Romana editione desiderantur. 260 $aParisiis :$b[Societas Bibliopolarum],$c1619. 300 $a6 v. ;$cfol. 500 $aTestate, iniz., finalini xilogr. 500 $aMarca: Nave. Scritta: Lutetia. (R824) 500 $aLegati insieme in 3 tomi 500 $aTesto su due colonne 710 0 $aSocietas Bibliopolarum$b.$0(OLS)http://semarc/name/13382 774 0 $aGregorius I, $t[Tomus 1].$g1$w()226146 774 0 $aGregorius I, $tSancti Gregorii Magni ... operum tomus 2. in quo expositiones in testamentum vetus continentur ordine, vtmox infra, dispositae. Pag. 2.$g2$w()226147 774 0 $aGregorius I, $tSancti Gregorii Magni ... operum tomus 3. homilias in Euangelia, et alia complectens ordine, vt mox infra, pag. 4.$g3$w()226148 774 0 $aGregorius I, $tSancti Gregorii Magni ... operum tomus 4. continens registrum epistolarum.$g4$w()226149 774 0 $aGregorius I, $tSancti Gregorii Magni ... operum tomus 5. antiphonarium, et librum sacramentorum complectens. Scholia in eundem sacramentorum librum, qua in romana editione desiderantur.$g5$w()226150 774 0 $aGregorius I, $tSancti Gregorii Magni ... operum tomus 6. complectens expositionem in vetus ac novum Testamentum a B. Paterio ex libris S. Gregorii Magni excerptam; triplicemque indicem ..$g6$w()226151 900 0 $aGregorio : Magno$c. 900 0 $aGregorio I$c. 941 1 $a4 996 $6245$aSancti Gregorii Magni papae primi Opera, Sixti 5. pont. max. iussu diligentissimé emendata, atque aucta, et in tomos sex distribuita$9(OLS)http://semarc/title/39834 996 $6260$aParisiis :$b[Societas Bibliopolarum]$9(OLS)http://semarc/publisher/38060